000 02447nam0a2200421 4500
001 RU\NLR\bibl\979421
005 20250614213947.0
010 _a5-88333-119-X
_bВ пер.
_9150
021 _aRU
_b2006-43900
_92194
035 _a(nilc)RSL-KNO-002911795
035 _a(NLR Aleph) 000967328
090 _a377281
_c377281
100 _a20060809d2006 |||y0rusy50 ca
101 0 _arus
102 _aRU
105 _aa |||||||||
106 _ar
200 1 _aПрирода и экология Башкортостана - крупнейшего центра ТЭК России
_eучеб. пособие для студентов технических вузов
_fВ. С. Горелов, А. К. Мазитова, Г. К. Аминова
_gУфимский гос. нефтяной технический ун-т
205 _a[2-е изд., перераб. и доп.]
210 _aУфа
_cРеактив
_d2006
215 _a147, [2] с., [4] л. цв. карт.
_cил., табл.
_d20
320 _aБиблиогр.: с. 137-138
606 1 _aПрирода
_jУчебные издания для высших учебных заведений
_yБашкортостан, Республика
_92344067
_3RU\NLR\auth\661400912
606 1 _aЭкология
_jУчебные издания для высших учебных заведений
_yБашкортостан, Республика
_92120271
_3RU\NLR\auth\661280404
610 0 _aНауки о Земле (геодезические, геофизические, геологические и географические науки) -- Региональный раздел наук о Земле -- Российская Федерация -- Башкортостан -- Физико-географическая характеристика -- Учебник для высшей школы
686 _aД9(2Р36-6Б)82,0
_2rubbk
686 _aД829(2Р36-6Б)я73
686 _aЕ081(2Р36-6Б)я73
700 1 _aГорелов
_bВ. С.
_gВладимир Сергеевич
_4070
701 1 _aМазитова
_bА. К.
_gАлия Карамовна
_4070
701 1 _4070
_7ca
_8rus
_aАминова
_bГ. К.
_f1959-
_gГулия Карамовна
_9217175
_3RU\NLR\AUTH\770217231
801 0 _aRU
_bРКП
_c20060809
_grcr
801 1 _aRU
_bРГБ
_c20060809
801 2 _aRU
_bNLR
_c20060831
_grcr
830 _aпо кн
942 _cBOOK
980 _aNB